|
|
|
|
| LEADER |
02031cam a2200541 i 4500 |
| 001 |
nkc20213328494 |
| 003 |
CZ PrNK |
| 005 |
20221129101627.0 |
| 007 |
ta |
| 008 |
210517s2021 xr aci f 000 0 cze d |
| 015 |
|
|
|a cnb003328494
|
| 020 |
|
|
|a 978-80-7364-118-4
|q (brožováno) :
|c Kč 349,00
|
| 035 |
|
|
|a (OCoLC)1267680539
|
| 040 |
|
|
|a PNA001
|b cze
|d ABA001
|e rda
|
| 043 |
|
|
|a e-xr---
|a e-fr---
|
| 072 |
|
7 |
|a 929.5/.9
|x Genealogie. Heraldika. Šlechta. Vlajky
|2 Konspekt
|9 8
|
| 080 |
|
|
|a 929.7
|2 MRF
|
| 080 |
|
|
|a 929.732
|2 MRF
|
| 080 |
|
|
|a 728.8:929.7
|2 MRF
|
| 080 |
|
|
|a (44)
|2 MRF
|
| 080 |
|
|
|a (437.3)
|2 MRF
|
| 080 |
|
|
|a (048.8)
|2 MRF
|
| 100 |
1 |
|
|a Košťálová, Renata
|7 ola2012696156
|4 aut
|
| 245 |
1 |
0 |
|a Francouzská šlechta v českých zemích /
|c Renata Košťálová, Vratislav Košťál
|
| 250 |
|
|
|a První vydání
|
| 264 |
|
1 |
|a Brno :
|b Barrister & Principal,
|c 2021
|
| 300 |
|
|
|a 286 stran :
|b ilustrace, portréty, erby ;
|c 23 cm
|
| 336 |
|
|
|a text
|b txt
|2 rdacontent
|
| 337 |
|
|
|a bez média
|b n
|2 rdamedia
|
| 338 |
|
|
|a svazek
|b nc
|2 rdacarrier
|
| 504 |
|
|
|a Obsahuje bibliografii a bibliografické odkazy
|
| 650 |
0 |
7 |
|a šlechta
|7 ph116832
|z Francie
|2 czenas
|
| 650 |
0 |
7 |
|a šlechtické rody
|7 ph127826
|z Francie
|2 czenas
|
| 650 |
0 |
7 |
|a šlechtické rody
|7 ph127826
|z Česko
|2 czenas
|
| 650 |
0 |
7 |
|a šlechtická sídla
|7 ph127825
|z Česko
|2 czenas
|
| 650 |
0 |
9 |
|a nobility
|z France
|2 eczenas
|
| 650 |
0 |
9 |
|a house of nobility
|z France
|2 eczenas
|
| 650 |
0 |
9 |
|a house of nobility
|z Czechia
|2 eczenas
|
| 650 |
0 |
9 |
|a residences of nobility
|z Czechia
|2 eczenas
|
| 655 |
|
7 |
|a monografie
|7 fd132842
|2 czenas
|
| 655 |
|
9 |
|a monographs
|2 eczenas
|
| 700 |
1 |
|
|a Košťál, Vratislav,
|d 1976-
|7 js20020513011
|4 aut
|
| 910 |
2 |
|
|a BOA001
|b 2-1482.983
|
| 920 |
|
|
|a 000901126
|z PNA001
|
| 990 |
|
|
|a BK
|
| 995 |
|
|
|a 01
|
| 996 |
6 |
|
|b 2610896759
|c 2-1482.983
|l MZK
|r Sklad / do 1 hodiny
|n 0
|p p.v.
|w 001880241
|u 000010
|a 1
|e BOA001
|j MZK50
|s P
|
| 996 |
7 |
|
|b 2610896760
|c 2-1482.983
|l MZK
|r Sklad / do 1 hodiny
|n 4
|p p.v.
|w 001880241
|u 000020
|a 1
|e BOA001
|j MZK50
|s A
|